| 000 | 01018nam a2200229Ia 4500 | ||
|---|---|---|---|
| 001 | 1993 | ||
| 005 | 20260417134356.0 | ||
| 008 | 260306t2005||||xx |||||||||||||| ||spa|| | ||
| 041 | _aESP | ||
| 082 |
_a159.95 _bB85 |
||
| 100 |
_aBruning, Roger H. _eAUT |
||
| 245 | 0 | _aPsicología cognitiva y de la instrucción | |
| 260 | _c2005 | ||
| 300 |
_axv, 496 páginas : _c24 cm. |
||
| 650 | _aGEN | ||
| 654 | _aCPS | ||
| 856 |
_uhttps://itmsp.museknowledge.com/UCSP?url=https://www.ebooks7-24.com:443/?il=3428&pg=1 _zVersión digital (2012) |
||
| 856 |
_uhttps://0u213ww31-y-https-ebooks7--24-com.itmsp.museknowledge.com/biblioteca.aspx _zVéase además: Base de datos Ebook7-24 |
||
| 856 |
_uhttps://0u20fww3l-y-https-research-ebsco-com.itmsp.museknowledge.com/c/qxo6us/search _zVéase además: Base de datos EBSCOhost |
||
| 856 |
_uhttps://0u20vww3c-y-https-ebookcentral-proquest-com.itmsp.museknowledge.com/lib/catolicasp/home.action _zVéase además: Base de datos ProQuest Ebook Central |
||
| 942 |
_cLIB _dJUS _fJUS _2ddc |
||
| 999 |
_c1993 _d1993 |
||